000 00260nam a2200097Ia 4500
082 _a641.56311 LYNA
245 0 _aCooking for a healthy heart
100 _a LYNAS, Jacqui London, 2003
_975467
942 _cBK
008 210817s9999 xx 000 0 und d
999 _c249739
_d249738